Conocer, vivir y difundir la verdad. (Record no. 46808)

MARC details
000 -LEADER
campo de control de longitud fija 01261nam a2200277 i 4500
001 - NÚMERO DE CONTROL
campo de control 46808
003 - IDENTIFICADOR DE NÚMERO DE CONTROL
campo de control ES-MaACL
005 - FECHA Y HORA DE LA ÚLTIMA TRANSACCIÓN
campo de control 20230906161442.0
007 - CAMPO FIJO DE DESCRIPCIÓN FÍSICA--INFORMACIÓN GENERAL
campo de control de longitud fija t|
008 - DATOS DE LONGITUD FIJA--INFORMACIÓN GENERAL
campo de control de longitud fija 030401s1967 sp ||||1| spa d
245 00 - MENCIÓN DEL TÍTULO
Título Conocer, vivir y difundir la verdad.
260 ## - PUBLICACIÓN, DISTRIBUCIÓN, ETC.
Lugar de publicación, distribución, etc. Madrid :
Nombre del editor, distribuidor, etc. Speiro,
Fecha de publicación, distribución, etc. 1967.
300 ## - DESCRIPCIÓN FÍSICA
Extensión 48 p. ;
Dimensiones 21 cm.
505 8# - NOTA DE CONTENIDO CON FORMATO
Nota de contenido con formato Contiene: Deber de conocer, vivir y difundir la verdad / por Gonzalo Cuesta Moreno. La verdad religiosa / por Juan Ramírez Valido. La verdad natural / por Juan Miguel Palacios. Vivir la verdad : las virtudes cardinales y el hombre moderno / por Rafael Gambra Ciudad. Difundir la verdad : caridad y verdad / por José Antonio García de Cortazar y Sagarminaga
700 1# - ENTRADA AGREGADA--NOMBRE PERSONAL
Nombre de persona Cuesta Moreno, Gonzalo.
9 (RLIN) 42065
700 1# - ENTRADA AGREGADA--NOMBRE PERSONAL
Nombre de persona Ramírez Valido, Juan.
9 (RLIN) 95176
700 1# - ENTRADA AGREGADA--NOMBRE PERSONAL
Nombre de persona Palacios, Juan Miguel.
9 (RLIN) 88407
700 1# - ENTRADA AGREGADA--NOMBRE PERSONAL
Nombre de persona Gambra, Rafael.
9 (RLIN) 53775
700 1# - ENTRADA AGREGADA--NOMBRE PERSONAL
Nombre de persona García de Cortázar y Sagarminaga, José Antonio.
9 (RLIN) 54416
740 0# - ENTRADA AGREGADA--TÍTULO RELACIONADO/ANALÍTICO NO CONTROLADO
Título relacionado o analítico no controlado Deber de conocer, vivir y difundir la verdad.
740 3# - ENTRADA AGREGADA--TÍTULO RELACIONADO/ANALÍTICO NO CONTROLADO
Título relacionado o analítico no controlado La verdad religiosa.
740 3# - ENTRADA AGREGADA--TÍTULO RELACIONADO/ANALÍTICO NO CONTROLADO
Título relacionado o analítico no controlado La verdad natural.
740 0# - ENTRADA AGREGADA--TÍTULO RELACIONADO/ANALÍTICO NO CONTROLADO
Título relacionado o analítico no controlado Vivir la verdad : Las virtudes cardinales y el hombre moderno.
740 0# - ENTRADA AGREGADA--TÍTULO RELACIONADO/ANALÍTICO NO CONTROLADO
Título relacionado o analítico no controlado Difundir la verdad : Caridad y verdad.
852 ## - LOCALIZACIÓN
Ubicación ES-MaACL
Número de control de estantería 2058-F-1
Sublocalización o colección R.62661
Holdings
Estatus retirado Estado de pérdida Estado de daño No para préstamo Colección Biblioteca de origen Biblioteca actual Ubicación en estantería Fecha de adquisición Fuente de adquisición Total de préstamos Signatura topográfica completa Código de barras Visto por última vez Precio de reemplazo Tipo de ítem Koha
        Colección de folletos Biblioteca del Ateneo de Madrid Biblioteca del Ateneo de Madrid Depósito folletos 17/01/2008     2058-F-1 1049231 23/02/2023 23/02/2023 Folleto